Letters of JETPUNK in a Random Order in 15 Seconds - Statistics

General Stats
  • This quiz has been taken 253 times
  • The average score is 4 of 7
Answer Stats
Letter % Correct
J
78%
T
60%
E
59%
P
56%
K
43%
U
42%
N
39%
No matching quizzes found
Score Distribution
Percent of People with Each Score
Percentile by Number Answered
Your Score History
You have not taken this quiz